000 00590nam a2200181 i 4500
001 57182
003 ES-MaACL
005 20230906163529.0
007 t|
008 031015s1940 it ||||1| ita d
100 1 _aTella, Giuseppe di.
_9109614
245 1 3 _aLe sistemazioni dei bacini montani /
_cGiuseppe di Tella e Francesco Bay.
260 _aBologna :
_bEdizioni Agricole,
_c[1940] (
_eFirenze :
_fTip. Barbera)
300 _a279 p. :
_bil. ;
_c24 cm.
500 _aEn la cub.: Le correzioni dei Torrenti.
700 1 _aBay, Francesco.
_926646
852 _aES-MaACL
_jC-3905
_bR.23591
999 _c57182
_d57182